书目信息 |
| 题名: |
信息科学技术
|
|
| 作者: | 赵明远 , 任利 编 | |
| 分册: | ||
| 出版信息: | 乌鲁木齐 新疆青少年出版社 2005 |
|
| 页数: | 314页 | |
| 开本: | 20cm | |
| 丛书名: | 信息技术教育大全 | |
| 单 册: | ||
| 中图分类: | TP14 | |
| 科图分类: | ||
| 主题词: | 信息技术--基本知识 , 自动化技术--基本知识 , 信息技术 , 自动化技术 | |
| 电子资源: | ||
| ISBN: | 7-5371-4029-4 | |
| 000 | 00950oam2 2200313 45 | |
| 001 | 0120066003149 | |
| 005 | 20070707105838.56 | |
| 010 | @a7-5371-4029-4@dCNY500.00(全20册) | |
| 092 | @aCN@b489890 | |
| 100 | @a20060415d2005 em y0chiy0120 ea | |
| 101 | 0 | @achi |
| 102 | @aCN@b650000 | |
| 105 | @ay z 000yy | |
| 200 | 1 | @a信息科学技术@9xin xi ke xue ji shu@f赵明远,任利编 |
| 205 | @a修订版 | |
| 210 | @a乌鲁木齐@c新疆青少年出版社@d2005 | |
| 215 | @a314页@d20cm | |
| 225 | 2 | @a信息技术教育大全 |
| 330 | @a本书分为5章介绍了“包罗万象的信息”,“信息化社会”,“信息系统”,“信息服务”,“信息事业的组织与管理”等。 | |
| 461 | 0 | @12001 @a信息技术教育大全 |
| 606 | 0 | @a信息技术@x基本知识 |
| 606 | 0 | @a自动化技术@x基本知识 |
| 606 | 0 | @a信息技术 |
| 606 | 0 | @a自动化技术 |
| 690 | @aTP14@v4 | |
| 701 | 0 | @a赵明远@9zhao ming yuan@4编 |
| 701 | 0 | @a任利@9ren li@4编 |
| 801 | 0 | @aCN@bLZJBOOK@c20070707 |
| 905 | @a10447@dTP14@e70=2 | |
| 信息科学技术/赵明远,任利编.-修订版.-乌鲁木齐:新疆青少年出版社,2005 |
| 314页;20cm.-(信息技术教育大全) |
| ISBN 7-5371-4029-4:CNY500.00(全20册) |
| 本书分为5章介绍了“包罗万象的信息”,“信息化社会”,“信息系统”,“信息服务”,“信息事业的组织与管理”等。 |
| ● |
| 相关链接 |
|
|
|
|
正题名:信息科学技术
索取号:TP14/70=2
 
预约/预借
| 序号 | 登录号 | 条形码 | 馆藏地/架位号 | 状态 | 备注 |
| 1 | 0563733 | 205637337 | 第二样本阅览室/ [索取号:TP14/70=2] | 在馆 | |
| 2 | 0563734 | 205637346 | 第三借阅区/ [索取号:TP14/70=2] | 在馆 | |
| 3 | 0563735 | 205637355 | 第三借阅区/ [索取号:TP14/70=2] | 在馆 | |
| 4 | 0563736 | 205637364 | 第三借阅区/ [索取号:TP14/70=2] | 在馆 | |
| 5 | 0563737 | 205637373 | 第三借阅区/ [索取号:TP14/70=2] | 在馆 | |
| 6 | 0563738 | 205637382 | 第三借阅区/ [索取号:TP14/70=2] | 在馆 | |
| 7 | 0563739 | 205637391 | 第三借阅区/ [索取号:TP14/70=2] | 在馆 | |
| 8 | 0563740 | 205637408 | 第三借阅区/ [索取号:TP14/70=2] | 在馆 |